| 000 | 00692nam a2200217 i 4500 | ||
|---|---|---|---|
| 001 | 116160 | ||
| 003 | ES-MaACL | ||
| 005 | 20250821095501.0 | ||
| 007 | t| | ||
| 008 | 061121s1920 sp r ||||1| spa d | ||
| 100 | 1 |
_aOrueta, Ricardo de, _d1868-1939 _987695 |
|
| 245 | 1 | 0 |
_aGregorio Hernández / _cRicardo de Orueta y Duarte. |
| 260 |
_aMadrid : _bSaturnino Calleja, _c1920 ( _fImp. Clásica Española) |
||
| 300 |
_a67 p. : _bil. ; _c17 cm. |
||
| 490 | 1 | _aColección Popular de Arte | |
| 600 | 1 | 4 |
_aFernández, Gregorio, _dca. 1566-1636 _9239944 |
| 830 | 0 | 0 |
_aColección popular de arte _9233300 |
| 852 |
_aES-MaACL _jF-2736 |
||
| 942 | _2udc | ||
| 999 |
_c116160 _d116160 |
||